Missions : (Record no. 41686)
[ view plain ]
| 000 -LEADER | |
|---|---|
| fixed length control field | 01037cam a2200277 a 4500 |
| 001 - CONTROL NUMBER | |
| control field | 3997490 |
| 005 - DATE AND TIME OF LATEST TRANSACTION | |
| control field | 20190503094734.0 |
| 008 - FIXED-LENGTH DATA ELEMENTS--GENERAL INFORMATION | |
| fixed length control field | 960402s1996 miua b 001 0 eng |
| 010 ## - LIBRARY OF CONGRESS CONTROL NUMBER | |
| LC control number | 96015860 |
| 020 ## - INTERNATIONAL STANDARD BOOK NUMBER | |
| International Standard Book Number | 0310208092 |
| 040 ## - CATALOGING SOURCE | |
| Original cataloging agency | DLC |
| Transcribing agency | DLC |
| Modifying agency | DLC |
| 100 1# - MAIN ENTRY--PERSONAL NAME | |
| Personal name | Van Rheenen, Gailyn, |
| Dates associated with a name | 1946- |
| 245 10 - TITLE STATEMENT | |
| Title | Missions : |
| Remainder of title | biblical foundations & contemporary strategies / |
| Statement of responsibility, etc | Gailyn Van Rheenen. |
| 260 ## - PUBLICATION, DISTRIBUTION, ETC. (IMPRINT) | |
| Place of publication, distribution, etc | Grand Rapids, Mich : |
| Name of publisher, distributor, etc | Zondervan Pub. House, |
| Date of publication, distribution, etc | c1996. |
| 300 ## - PHYSICAL DESCRIPTION | |
| Extent | 251 p. : |
| Other physical details | ill. ; |
| Dimensions | 25 cm. |
| 336 ## - CONTENT TYPE | |
| Content Type Term | text |
| 337 ## - MEDIA TYPE | |
| Media Type Term | unmediated |
| 338 ## - CARRIER TYPE | |
| Carrier Type Term | volume |
| 504 ## - BIBLIOGRAPHY, ETC. NOTE | |
| Bibliography, etc | Includes bibliographical references (p. 229-235) and indexes. |
| 650 #0 - SUBJECT ADDED ENTRY--TOPICAL TERM | |
| Topical term or geographic name as entry element | Missions |
| General subdivision | Theory. |
| 650 #0 - SUBJECT ADDED ENTRY--TOPICAL TERM | |
| Topical term or geographic name as entry element | Christianity and culture. |
| 856 42 - ELECTRONIC LOCATION AND ACCESS | |
| Materials specified | Publisher description |
| Uniform Resource Identifier | <a href="http://www.loc.gov/catdir/enhancements/fy0633/96015860-d.html">http://www.loc.gov/catdir/enhancements/fy0633/96015860-d.html</a> |
| 856 41 - ELECTRONIC LOCATION AND ACCESS | |
| Materials specified | Table of contents only |
| Uniform Resource Identifier | <a href="http://www.loc.gov/catdir/enhancements/fy0633/96015860-t.html">http://www.loc.gov/catdir/enhancements/fy0633/96015860-t.html</a> |
| 856 41 - ELECTRONIC LOCATION AND ACCESS | |
| Materials specified | Sample text |
| Uniform Resource Identifier | <a href="http://www.loc.gov/catdir/enhancements/fy0642/96015860-s.html">http://www.loc.gov/catdir/enhancements/fy0642/96015860-s.html</a> |
| 942 ## - ADDED ENTRY ELEMENTS (KOHA) | |
| Source of classification or shelving scheme | Library of Congress Classification |
| Item type | Books |
| Withdrawn status | Lost status | Source of classification or shelving scheme | Damaged status | Not for loan | Home library | Current library | Shelving location | Date acquired | Source of acquisition | Inventory number | Total Checkouts | Full call number | Barcode | Date last seen | Price effective from | Koha item type | Copy number |
|---|---|---|---|---|---|---|---|---|---|---|---|---|---|---|---|---|---|
| Library of Congress Classification | BSOP Library | BSOP Library | GC | 04/30/2018 | 40725 | BV2063 R34 1996 | 00051725 | 04/30/2018 | 04/30/2018 | Books | |||||||
| Library of Congress Classification | BSOP Library | BSOP Library | GC | 05/03/2019 | Hilfe Fur Bruder | 19507 | BV2063 R34 1996 c.2 | 00018438 | 05/03/2019 | 05/03/2019 | Books | c.2 |
